All 100k+ Cities in Europe on a Map - Statistics

General Stats
  • This quiz has been taken 99,614 times
    67,527 since last reset
  • The average score is 167 of 677
Answers on the Map
Answers color-coded by a green-red scale on the quiz's map according to % correct below.
 
Answer Stats
Country City Population % Correct
United Kingdom London 8,776,535
91%
Russia Moscow 13,010,112
87%
France Paris 2,145,906
87%
Ireland Dublin 588,233
86%
Spain Madrid 3,277,451
86%
Italy Rome 2,748,109
86%
Germany Berlin 3,677,472
85%
Norway Oslo 709,037
84%
Spain Barcelona 1,627,559
83%
Sweden Stockholm 1,767,108
83%
Russia Saint Petersburg 5,601,911
82%
Turkey Istanbul 9,874,000
81%
Ukraine Kiev 2,952,301
81%
Netherlands Amsterdam 1,114,745
80%
Denmark Copenhagen 1,345,562
80%
Portugal Lisbon 545,796
80%
Austria Vienna 1,982,442
80%
Poland Warsaw 1,860,281
80%
Greece Athens 664,046
79%
United Kingdom Manchester 470,411
79%
Italy Milan 1,354,196
79%
Finland Helsinki 664,028
78%
Germany Munich 1,487,708
78%
Hungary Budapest 1,752,286
77%
United Kingdom Edinburgh 505,310
76%
Germany Hamburg 1,853,935
76%
Czech Republic Prague 1,301,432
76%
United Kingdom Glasgow 631,690
75%
United Kingdom Liverpool 506,552
75%
Romania Bucharest 1,716,983
74%
Belarus Minsk 2,009,786
74%
Bulgaria Sofia 1,183,454
74%
Italy Naples 913,462
73%
Iceland Reykjavik 242,995
73%
Belgium Brussels 188,737
72%
United Kingdom Belfast 340,000
71%
United Kingdom Birmingham 1,121,408
71%
France Marseille 870,321
71%
Croatia Zagreb 663,592
71%
Switzerland Bern 134,290
70%
Latvia Riga 620,974
70%
Italy Venice 250,369
70%
Serbia Belgrade 1,166,763
69%
France Lyon 522,228
69%
Portugal Porto 231,800
69%
Netherlands Rotterdam 829,875
69%
Germany Frankfurt 759,224
68%
France Nice 343,477
68%
Estonia Tallinn 437,817
67%
Italy Turin 841,600
66%
Switzerland Zurich 423,193
66%
Bosnia and Herzegovina Sarajevo 348,363
65%
Spain Valencia 788,842
65%
Germany Cologne 1,073,096
64%
Spain Sevilla 684,340
64%
Lithuania Vilnius 546,155
64%
United Kingdom Cardiff 348,546
63%
Italy Florence 360,930
63%
Poland Kraków 800,653
63%
Slovakia Bratislava 476,922
62%
Albania Tirana 418,495
62%
Switzerland Geneva 203,401
61%
United Kingdom Leeds 536,321
61%
Ireland Cork 130,119
60%
Sweden Malmö 325,069
60%
Italy Palermo 630,167
60%
France Bordeaux 259,809
59%
United Kingdom Newcastle 286,468
59%
Slovenia Ljubljana 284,293
58%
Netherlands The Hague 803,835
58%
Ukraine Odessa 1,010,537
57%
North Macedonia Skopje 422,540
57%
Belgium Antwerp 530,630
56%
Poland Gdańsk 486,022
56%
Sweden Gothenburg 655,429
56%
Spain Bilbao 345,749
55%
Germany Dusseldorf 619,477
55%
Italy Genoa 558,745
55%
Luxembourg Luxembourg City 128,494
55%
Greece Thessaloniki 315,196
55%
Germany Stuttgart 626,275
54%
France Toulouse 498,003
54%
Norway Bergen 289,330
53%
United Kingdom Bristol 425,232
53%
France Lille 236,234
53%
France Strasbourg 290,576
53%
United Kingdom Aberdeen 196,220
52%
Moldova Chisinau 532,513
52%
Germany Dresden 555,351
52%
Austria Salzburg 156,621
52%
Germany Leipzig 601,866
51%
Spain Málaga 578,063
51%
Kosovo Pristina 145,149
51%
Germany Dortmund 586,852
50%
Ukraine Lviv 717,273
50%
United Kingdom Oxford 170,798
50%
United Kingdom Southampton 249,604
50%
Germany Bremen 563,290
49%
Ukraine Kharkiv 1,421,125
49%
Montenegro Podgorica 150,977
49%
Croatia Split 149,830
49%
Italy Bologna 387,971
48%
Belarus Brest 340,318
48%
France Brest 139,456
48%
Ukraine Donetsk 901,645
48%
Russia Kaliningrad 490,449
48%
France Nantes 320,732
48%
Germany Nuremberg 510,632
48%
United Kingdom Sheffield 500,552
48%
United Kingdom Brighton and Hove 277,106
47%
Spain Palma 424,837
47%
Italy Bari 316,015
46%
Germany Hanover 535,932
46%
United Kingdom Nottingham 299,797
46%
United Kingdom Plymouth 266,983
46%
United Kingdom York 141,671
46%
Spain Zaragoza 681,430
46%
United Kingdom Cambridge 152,725
45%
United Kingdom Leicester 406,588
45%
Germany Essen 579,432
43%
Austria Innsbruck 131,319
43%
United Kingdom Swansea 170,055
43%
Switzerland Basel 173,064
42%
Belgium Bruges 118,509
42%
Russia/Ukraine Sevastopol 485,386
42%
Czech Republic Brno 398,510
41%
Austria Graz 298,512
41%
United Kingdom Norwich 200,752
41%
Russia Volgograd 1,028,036
41%
Denmark Aarhus 285,273
40%
Germany Bonn 331,885
40%
Belgium Ghent 265,086
40%
Germany Kiel 246,243
40%
Poland Łódź 672,929
40%
Italy Trieste 198,417
40%
Netherlands Utrecht 382,520
40%
Italy Verona 255,588
40%
Spain Granada 233,680
39%
France Montpellier 299,096
39%
Russia Rostov-on-Don 1,142,162
39%
United Kingdom Kingston upon Hull 270,806
38%
United Kingdom Portsmouth 223,312
38%
Italy Cagliari 148,117
37%
Russia Sochi 466,078
37%
Norway Trondheim 212,660
37%
Poland Wrocław 670,642
37%
United Kingdom Dundee 146,840
36%
Netherlands Eindhoven 298,795
36%
Russia Kazan 1,308,660
36%
Russia Murmansk 270,384
36%
France Rennes 222,485
36%
Germany Aachen 249,070
35%
Italy Catania 298,762
35%
Poland Katowice 285,711
35%
Belgium Liège 195,278
35%
Austria Linz 210,165
35%
Russia Nizhny Novgorod 1,226,076
35%
Ukraine Dnipro 968,502
34%
Germany Mannheim 311,831
34%
Ukraine Mariupol 425,681
34%
Poland Szczecin 396,198
34%
Spain A Coruña 245,541
33%
Romania Cluj-Napoca 286,598
33%
France Dijon 159,106
33%
Netherlands Groningen 213,705
33%
Lithuania Kaunas 298,753
33%
Spain Murcia 459,778
33%
Poland Poznań 546,859
33%
Bulgaria Varna 310,664
33%
Spain Alicante 338,768
32%
United Kingdom Blackpool 149,056
32%
United Kingdom Bournemouth 196,445
32%
Spain Córdoba 322,327
32%
Greece Heraklion 140,730
32%
France Le Havre 165,830
32%
Ukraine Luhansk 397,677
32%
Serbia Novi Sad 231,798
32%
Italy Parma 196,764
32%
Finland Turku 197,900
32%
United Kingdom Coventry 344,322
31%
Spain Donostia 187,892
31%
Germany Freiburg im Breisgau 231,848
31%
Switzerland Lausanne 140,619
31%
Germany Potsdam 183,154
31%
Germany Rostock 208,400
31%
Finland Tampere 249,009
31%
Sweden Uppsala 168,760
31%
Spain Cádiz 114,442
30%
United Kingdom Exeter 126,156
30%
Germany Mainz 217,556
30%
France Reims 180,318
30%
United Kingdom Sunderland 168,277
30%
Spain Vigo 294,650
30%
United Kingdom Wolverhampton 234,015
30%
Denmark Aalborg 119,862
29%
Germany Augsburg 296,478
29%
United Kingdom Derby 275,599
29%
United Kingdom Ipswich 151,562
29%
Russia Krasnodar 1,099,344
29%
United Kingdom Northampton 243,511
29%
Finland Oulu 211,848
29%
Germany Bielefeld 334,002
28%
Portugal Braga 146,543
28%
France Grenoble 158,240
28%
United Kingdom Luton 233,498
28%
Netherlands Maastricht 118,250
28%
Spain Pamplona 203,596
28%
Russia Perm 1,034,002
28%
Bulgaria Plovdiv 319,612
28%
Germany Saarbrücken 179,634
28%
United Kingdom Stoke-on-Trent 260,602
28%
Russia Ufa 1,144,809
28%
Italy Bergamo 119,534
27%
France Caen 107,250
27%
Germany Duisburg 495,152
27%
Spain Girona 101,648
27%
Germany Lübeck 216,277
27%
Poland Lublin 334,681
27%
Italy Messina 218,786
27%
France Metz 120,211
27%
Germany Münster 317,713
27%
France Nancy 104,403
27%
Denmark Odense 180,863
27%
Czech Republic Pilsen 174,007
27%
United Kingdom Reading 203,808
27%
Russia Samara 1,173,299
27%
Italy Syracuse 116,244
27%
Spain Valladolid 297,370
27%
United Kingdom Bradford 333,931
26%
Belgium Charleroi 202,421
26%
France Orléans 117,026
26%
Italy Padua 206,496
26%
France Rouen 114,187
26%
Norway Stavanger 146,011
26%
France Toulon 179,659
26%
Poland Bydgoszcz 337,666
25%
Slovakia Košice 226,212
25%
Germany Magdeburg 236,188
25%
United Kingdom Middlesbrough 148,219
25%
Serbia Niš 183,164
25%
Czech Republic Ostrava 282,450
25%
Germany Wolfsburg 123,949
25%
Russia Arkhangelsk 301,199
24%
Germany Karlsruhe 306,502
24%
Spain Santander 172,000
24%
Germany Ulm 126,949
24%
Romania Constanța 263,707
23%
Hungary Debrecen 201,432
23%
Poland Gdynia 245,222
23%
United Kingdom Gloucester 118,541
23%
Ukraine Kherson 279,131
23%
Spain León 122,398
23%
Italy Modena 184,153
23%
Croatia Rijeka 107,964
23%
Romania Timișoara 250,849
23%
France Tours 137,850
23%
Italy Trento 118,046
23%
Russia Veliky Novgorod 224,286
23%
Ukraine Zaporizhzhia 710,052
23%
Germany Bochum 363,441
22%
Bulgaria Burgas 189,741
22%
Finland Espoo 305,274
22%
Spain Gijón 269,311
22%
Germany Leverkusen 163,851
22%
United Kingdom Lincoln 104,565
22%
United Kingdom Newport 130,900
22%
Italy Reggio Calabria 170,951
22%
France Saint-Étienne 174,082
22%
Moldova Tiraspol 133,807
22%
Russia Voronezh 1,057,681
22%
Germany Wuppertal 354,572
22%
France Amiens 134,167
21%
Bosnia and Herzegovina Banja Luka 135,059
21%
Germany Bremerhaven 113,173
21%
Italy Brescia 196,446
21%
Germany Chemnitz 243,105
21%
Albania Durrës 113,249
21%
Germany Erfurt 213,227
21%
Germany Gelsenkirchen 260,126
21%
Russia Grozny 328,533
21%
Germany Heidelberg 159,245
21%
Lithuania Klaipeda 152,008
21%
Russia Kursk 440,052
21%
France Le Mans 145,155
21%
France Nîmes 147,496
21%
Spain Oviedo 217,164
21%
France Perpignan 118,032
21%
Germany Regensburg 153,542
21%
Italy Rimini 149,211
21%
United Kingdom Worcester 105,455
21%
France Aix-en-Provence 147,122
20%
Spain Almería 200,273
20%
France Angers 155,876
20%
United Kingdom Blackburn 124,983
20%
United Kingdom Bolton 184,073
20%
Netherlands Breda 154,880
20%
Belarus Gomel 507,795
20%
Netherlands Haarlem 204,570
20%
Finland Lahti 122,594
20%
United Kingdom Milton Keynes 197,354
20%
Germany Mönchengladbach 261,001
20%
United Kingdom Peterborough 190,584
20%
Spain Salamanca 143,549
20%
Italy Salerno 127,186
20%
Russia Smolensk 316,570
20%
United Kingdom Southend-on-Sea 182,287
20%
Italy Taranto 188,098
20%
Russia Astrakhan 475,629
19%
Poland Białystok 294,242
19%
France Clermont-Ferrand 147,284
19%
Portugal Coimbra 106,655
19%
Turkey Edirne 180,002
19%
Spain Getafe 183,872
19%
Germany Halle 238,061
19%
Romania Iași 271,692
19%
Germany Kassel 200,406
19%
Austria Klagenfurt 104,333
19%
Norway Kristiansand 115,569
19%
Italy Livorno 152,914
19%
France Mulhouse 108,038
19%
Germany Oldenburg 170,389
19%
Italy Ravenna 155,751
19%
France Saint-Denis 113,116
19%
Russia Saratov 901,361
19%
Germany Trier 110,570
19%
United Kingdom Watford 131,326
19%
Netherlands Alkmaar 101,825
18%
Russia Belgorod 339,978
18%
Italy Bolzano 106,107
18%
Romania Brașov 237,589
18%
Spain Burgos 174,154
18%
United Kingdom Colchester 130,248
18%
Germany Darmstadt 159,631
18%
Sweden Helsingborg 113,828
18%
Germany Ingolstadt 138,016
18%
Germany Jena 110,502
18%
France Limoges 130,592
18%
Netherlands Nijmegen 161,000
18%
Germany Osnabrück 165,034
18%
Greece Patras 167,446
18%
Greece Pireas 163,688
18%
Russia/Ukraine Simferopol 340,540
18%
Spain Tarragona 136,150
18%
Germany Wiesbaden 278,950
18%
France Annecy 131,766
17%
Netherlands Arnhem 110,245
17%
Sweden Jönköping 101,440
17%
Sweden Linköping 119,016
17%
Spain Marbella 149,032
17%
Italy Monza 121,799
17%
Spain Reus 105,981
17%
United Kingdom Swindon 183,638
17%
Netherlands Tilburg 213,055
17%
Russia Vladimir 349,951
17%
Germany Würzburg 126,933
17%
Spain Cartagena 215,826
16%
Spain Elche 235,566
16%
Netherlands Enschede 147,850
16%
Italy Ferrara 129,340
16%
Belarus Grodno 357,510
16%
Hungary Győr 132,038
16%
United Kingdom Huddersfield 141,692
16%
Spain Jerez de la Frontera 213,616
16%
Germany Koblenz 113,638
16%
Greece Larissa 144,651
16%
Netherlands Leiden 270,225
16%
Ukraine Mykolaiv 470,011
16%
Belgium Namur 112,559
16%
Hungary Pécs 142,873
16%
Italy Perugia 161,748
16%
Italy Pescara 118,657
16%
Russia Pskov 193,082
16%
Italy Sassari 121,021
16%
Russia Tula 473,622
16%
Spain Vitoria-Gasteiz 252,953
16%
Netherlands Almere 177,045
15%
Spain Badajoz 151,048
15%
Russia Bryansk 379,152
15%
Germany Hamm 179,238
15%
Spain Huelva 142,668
15%
Ukraine Kryvyi Rih 603,904
15%
Belgium Leuven 102,236
15%
Spain L'Hospitalet de Llobregat 265,003
15%
Russia Makhachkala 623,254
15%
Sweden Örebro 126,604
15%
Russia Orenburg 543,645
15%
Germany Paderborn 152,531
15%
United Kingdom Poole 140,977
15%
Netherlands s-Hertogenbosch 162,165
15%
United Kingdom Slough 166,877
15%
Hungary Szeged 160,766
15%
Finland Vantaa 242,819
15%
Russia Yaroslavl 577,279
15%
Spain Albacete 172,806
14%
France Besançon 118,258
14%
Germany Brunswick 248,823
14%
Italy Foggia 145,348
14%
Germany Fürth 129,122
14%
Germany Göttingen 116,557
14%
Italy Reggio Emilia 169,545
14%
Russia Ryazan 528,599
14%
Ukraine Sumy 256,474
14%
Russia Tolyatti 684,709
14%
Poland Toruń 198,273
14%
Russia Tver 416,219
14%
Belgium Anderlecht 122,547
13%
Netherlands Apeldoorn 140,210
13%
Spain Badalona 221,750
13%
United Kingdom Cheltenham 115,959
13%
Ukraine Chernihiv 282,747
13%
Romania Craiova 234,140
13%
Norway Drammen 103,291
13%
Spain Jaén 111,915
13%
Russia/Ukraine Kerch 154,621
13%
Italy Latina 127,564
13%
Czech Republic Liberec 104,340
13%
Spain Lleida 138,933
13%
Germany Oberhausen 208,752
13%
United Kingdom Oldham 110,718
13%
Czech Republic Olomouc 106,063
13%
Ukraine Poltava 279,593
13%
Italy Prato 195,736
13%
Sweden Västerås 128,660
13%
Italy Vicenza 109,823
13%
Belarus Vitebsk 362,949
13%
Switzerland Winterthur 115,129
13%
Netherlands Amersfoort 153,420
12%
Romania Arad 145,078
12%
Spain Castellón de la Plana 172,637
12%
United Kingdom Chelmsford 110,606
12%
United Kingdom Crawley 120,549
12%
Poland Częstochowa 213,107
12%
Netherlands Dordrecht 221,235
12%
Romania Galați 217,851
12%
Germany Hagen 188,713
12%
Finland Jyväskylä 145,887
12%
Poland Kielce 186,894
12%
Germany Krefeld 227,050
12%
Finland Kuopio 120,175
12%
Russia Lipetsk 496,403
12%
Germany Ludwigshafen 172,145
12%
Ukraine Melitopol 148,851
12%
Poland Opole 127,387
12%
Spain Ourense 104,578
12%
Russia Penza 501,109
12%
Italy Piacenza 102,465
12%
Poland Radom 201,601
12%
Poland Rzeszów 195,871
12%
United Kingdom Salford 108,409
12%
Russia Stavropol 547,443
12%
United Kingdom Stockport 117,941
12%
Russia Ulyanovsk 617,352
12%
France Villeurbanne 154,781
12%
United Kingdom Warrington 174,954
12%
Spain Algeciras 123,345
11%
Germany Bergisch Gladbach 111,645
11%
United Kingdom Birkenhead 109,848
11%
Germany Erlangen 113,292
11%
United Kingdom Gateshead 115,316
11%
Poland Gliwice 174,016
11%
Germany Heilbronn 125,613
11%
Ukraine Ivano-Frankivsk 238,196
11%
Russia Ivanovo 361,644
11%
Russia Kaluga 337,058
11%
Russia Kirov 468,212
11%
Spain Logroño 150,596
11%
Hungary Miskolc 154,521
11%
Belarus Mogilev 357,404
11%
Italy Novara 101,257
11%
Germany Offenbach 131,295
11%
Poland Olsztyn 170,225
11%
Romania Oradea 183,105
11%
Ukraine Rivne 243,873
11%
Germany Solingen 158,957
11%
Italy Terni 106,370
11%
Portugal Vila Nova de Gaia 188,421
11%
Ukraine Vinnytsia 369,739
11%
France Boulogne-Billancourt 120,911
10%
Poland Elbląg 115,220
10%
Italy Forlì 116,440
10%
Germany Hildesheim 100,319
10%
Russia Izhevsk 623,472
10%
Poland Koszalin 105,883
10%
Serbia Kragujevac 150,835
10%
Spain Leganés 188,687
10%
Ukraine Lutsk 215,986
10%
United Kingdom Maidstone 109,490
10%
Germany Neuss 152,731
10%
Germany Pforzheim 125,529
10%
Belarus Pinsk 125,900
10%
Poland Płock 114,594
10%
Romania Ploiești 180,539
10%
United Kingdom Rochdale 111,261
10%
Bulgaria Ruse 124,787
10%
Spain Sabadell 216,759
10%
Lithuania Šiauliai 100,653
10%
Romania Sibiu 134,308
10%
Germany Siegen 101,516
10%
Russia Tambov 261,803
10%
Turkey Tekirdağ 186,421
10%
United Kingdom Telford 156,896
10%
Ukraine Ternopil 225,004
10%
Spain Terrassa 222,576
10%
Ukraine Uzhhorod 115,449
10%
Russia Vologda 313,944
10%
United Kingdom West Bromwich 103,122
10%
United Kingdom Worthing 111,621
10%
Ukraine Zhytomyr 261,624
10%
Poland Zielona Góra 140,002
10%
Spain Alcorcón 171,574
9%
Portugal Amadora 171,454
9%
France Argenteuil 108,567
9%
United Kingdom Basingstoke 117,207
9%
Poland Bielsko-Biała 169,089
9%
Germany Bottrop 117,311
9%
Ukraine Cherkasy 269,836
9%
Ukraine Chernivtsi 264,298
9%
Turkey Çorlu 308,073
9%
Spain Dos Hermanas 136,296
9%
United Kingdom Gillingham 108,483
9%
Germany Herne 156,621
9%
Spain Móstoles 208,632
9%
Germany Mülheim 170,739
9%
Russia Oryol 303,169
9%
Russia Petrozavodsk 234,897
9%
Romania Pitești 141,275
9%
Germany Recklinghausen 110,714
9%
Germany Reutlingen 116,456
9%
Germany Salzgitter 103,694
9%
Bulgaria Stara Zagora 122,536
9%
United Kingdom St Helens 107,677
9%
Poland Tarnów 106,259
9%
Spain Alcalá de Henares 195,570
8%
Romania Bacău 136,102
8%
Romania Baia Mare 108,759
8%
United Kingdom Basildon 115,964
8%
Romania Brăila 154,686
8%
Poland Bytom 153,274
8%
Poland Chorzów 104,193
8%
Spain Fuenlabrada 192,612
8%
Poland Gorzów Wielkopolski 119,964
8%
Germany Gütersloh 101,158
8%
Netherlands Heerlen 169,560
8%
Ukraine Kramatorsk 147,145
8%
Spain Mataró 129,749
8%
Germany Moers 103,725
8%
France Montreuil 111,367
8%
Russia Novorossiysk 262,293
8%
Russia Saransk 314,871
8%
United Kingdom Solihull 107,728
8%
Poland Sosnowiec 193,660
8%
Romania Târgu Mureș 116,033
8%
Poland Tychy 124,882
8%
Russia Vladikavkaz 295,830
8%
Poland Zabrze 158,307
8%
Netherlands Zoetermeer 124,065
8%
Spain Alcobendas 116,895
7%
Spain Barakaldo 100,847
7%
Ukraine Berdyansk 106,311
7%
Romania Botoșani 106,847
7%
Romania Buzău 103,481
7%
Russia Cheboksary 497,807
7%
Russia Engels 225,428
7%
Italy Giugliano in Campania 123,679
7%
Ukraine Horlivka 239,828
7%
Netherlands IJmuiden 117,440
7%
Hungary Kecskemét 110,687
7%
Ukraine Khmelnytskyi 274,452
7%
Russia Kostroma 267,481
7%
Ukraine Makiivka 338,968
7%
Russia Naberezhnye Chelny 548,434
7%
Russia Nalchik 247,054
7%
Hungary Nyíregyháza 116,799
7%
Russia Orsk 189,195
7%
Russia Podolsk 314,934
7%
Germany Remscheid 111,770
7%
Poland Rybnik 133,772
7%
Norway Sandvika 129,874
7%
Belgium Schaerbeek 130,690
7%
Russia Taganrog 245,120
7%
Spain Torrejón de Ardoz 133,377
7%
Poland Wałbrzych 104,401
7%
Poland Włocławek 104,705
7%
Belarus Babruysk 211,389
6%
Belarus Barysaw 139,481
6%
Ukraine Bila Tserkva 207,273
6%
Ukraine Brovary 109,806
6%
Russia Cherepovets 305,185
6%
Poland Dąbrowa Górnicza 116,930
6%
Russia Derbent 124,953
6%
Russia Elista 102,583
6%
Greece Kallithea 100,641
6%
Russia Khimki 257,128
6%
Ukraine Kremenchuk 215,271
6%
Belarus Lida 103,391
6%
Ukraine Nikopol 105,160
6%
Belarus Orsha 106,505
6%
Spain Parla 130,550
6%
Greece Peristeri 139,981
6%
Russia Pyatigorsk 146,473
6%
Poland Ruda Śląska 133,793
6%
Spain Santa Coloma de Gramenet 118,489
6%
Russia Severodvinsk 157,213
6%
Russia Shakhty 226,452
6%
Turkey Silivri 191,903
6%
Ukraine Sloviansk 105,141
6%
Russia Volzhskiy 321,479
6%
Russia/Ukraine Yevpatoria 107,877
6%
Russia Armavir 187,177
5%
Russia Balashikha 520,962
5%
Belarus Baranovichi 174,183
5%
Ukraine Kamianske 226,845
5%
United Kingdom Kingswood 160,260
5%
Ukraine Kropyvnytskyi 219,676
5%
Turkey Lüleburgaz 125,404
5%
Russia Maykop 143,385
5%
Belarus Mazyr 105,439
5%
Ukraine Pavlohrad 101,430
5%
Russia Rybinsk 177,295
5%
Belarus Salihorsk 100,824
5%
Russia Stary Oskol 221,676
5%
Russia Sterlitamak 277,410
5%
Russia Syktyvkar 220,580
5%
Russia Volgodonsk 168,048
5%
Russia Yoshkar-Ola 281,248
5%
Ukraine Alchevsk 106,062
4%
Turkey Arnavutköy 258,924
4%
Russia Balakovo 184,466
4%
Turkey Çerkezköy 141,847
4%
Russia Cherkessk 113,226
4%
Russia Domodedovo 152,404
4%
Russia Dzerzhinsk 218,630
4%
Russia Elektrostal 146,403
4%
Turkey Kapaklı 127,412
4%
Russia Kolomna 134,850
4%
Russia Krasnogorsk 187,634
4%
Russia Lyubertsy 224,195
4%
Russia Mytishchi 255,429
4%
Russia Nazran 122,350
4%
Russia Nizhnekamsk 241,479
4%
Russia Novocherkassk 163,674
4%
Russia Odintsovo 180,530
4%
Russia Syzran 165,725
4%
Russia Almetyevsk 163,512
3%
Russia Arzamas 104,908
3%
Russia Bataysk 126,988
3%
Russia Berezniki 138,069
3%
Russia Dimitrovgrad 110,968
3%
Russia Essentuki 119,658
3%
Russia Kamyshin 107,927
3%
Russia Kaspiysk 121,140
3%
Russia Khasavyurt 155,144
3%
Russia Kislovodsk 127,521
3%
Russia Korolyov 228,095
3%
Russia Kovrov 132,417
3%
Russia Murom 107,497
3%
Russia Neftekamsk 131,942
3%
Russia Nevinnomyssk 117,562
3%
Russia Noginsk 103,891
3%
Russia Novocheboksarsk 120,375
3%
Russia Novomoskovsk 119,697
3%
Russia Novoshakhtinsk 103,480
3%
Russia Obninsk 125,376
3%
Russia Pushkino 110,868
3%
Russia Reutov 113,871
3%
Russia Salavat 148,575
3%
Russia Dolgoprudny 120,907
2%
Russia Mikhaylovsk 114,133
2%
Russia Novokuybyshevsk 100,940
2%
Russia Oktyabrsky 115,557
2%
Russia Orekhovo-Zuyevo 105,754
2%
Russia Ramenskoye 114,537
2%
Russia Sergiyev Posad 101,756
2%
Russia Serpukhov 133,793
2%
Russia Shchyolkovo 134,211
2%
Russia Vidnoye 101,490
2%
Russia Zhukovsky 111,222
2%
No matching quizzes found
Score Distribution
Percent of People with Each Score
Percentile by Number Answered
Your Score History
You have not taken this quiz since the last reset